000 01599nam a2200361 a 4500
001 ebr10509501
003 CaPaEBR
006 m u
007 cr cn|||||||||
008 960104s1996 ne a sb 001 0 eng d
010 _z 96002115
020 _z1556195877 (alk. paper)
020 _z9027236364 (Eur.)
020 _z9789027236364
020 _z9789027276285 (e-book)
040 _aCaPaEBR
_cCaPaEBR
035 _a(OCoLC)300313616
050 1 4 _aPC2221
_b.H39 1996eb
082 0 4 _a445
_220
100 1 _aHerschensohn, Julia Rogers,
_d1945-
245 1 0 _aCase suspension and binary complement structure in French
_h[electronic resource] /
_cJulia Herschensohn.
260 _aAmsterdam ;
_aPhiladelphia :
_bJ. Benjamins,
_cc1996.
300 _axi, 200 p. :
_bill.
490 1 _aAmsterdam studies in the theory and history of linguistic science. Series IV, Current issues in linguistic theory,
_x0304-0763 ;
_vv. 132
504 _aIncludes bibliographical references and indexes.
533 _aElectronic reproduction.
_bPalo Alto, Calif. :
_cebrary,
_d2013.
_nAvailable via World Wide Web.
_nAccess may be limited to ebrary affiliated libraries.
650 0 _aFrench language
_xCase.
650 0 _aFrench language
_xComplement.
655 7 _aElectronic books.
_2local
710 2 _aebrary, Inc.
830 0 _aAmsterdam studies in the theory and history of linguistic science.
_nSeries IV,
_pCurrent issues in linguistic theory ;
_vv. 132.
856 4 0 _uhttp://site.ebrary.com/lib/rucke/Doc?id=10509501
_zAn electronic book accessible through the World Wide Web; click to view
999 _c217367
_d217367